| 000 | 00431 a2200145 4500 | ||
|---|---|---|---|
| 005 | 20250623083014.0 | ||
| 020 | _a978-81-203-4604-8 | ||
| 082 | _a658.09'6CHA | ||
| 100 | _aChandra Das. S | ||
| 245 | _aCorporate Gvernance In India, An Evaluation | ||
| 250 | _a3rd Ed | ||
| 260 |
_aNew Delhi _bPHI Learning Private Limited _c2012. |
||
| 300 |
_aXII,; 285P,; Ill, table, figure, picture _bBibliography, Index _c24cm, |
||
| 942 |
_2ddc _cBKS |
||
| 999 |
_c4615 _d4615 |
||